000 00995nam a2200265Ia 4500
001 21788
005 20260320113312.0
008 260320s9999||||xx |||||||||||||| ||und||
020 _a9786123262358
041 _aESP
082 _a303.625
_bS42
100 _aSerna, Miguel la,
_eAUT
245 0 _aCon las masas y las armas :
_bauge y caída del MRTA
246 _aWish masses and :
_5Perú's Tupac Amaru Revolutionary Movement
_b
250 _aPrimera edición
260 _aLima :
_bIEP Instituto de Estudios Peruanos,
_c2023
300 _a391 páginas :
_bfotografías ;
_c21 cm.
_e
440 _a(Ideología y política
_n; número 61)
_v
650 _aCIS
653 _aTerrorismo - Perú - Historia - Siglo XX; Movimiento Revolucionario Túpac Amaru (MRTA) - Perú; Perú - Política y gobierno - 1980-
654 _aCHU
700 _aBossio, Enrique,
_cTRA
856 _uhttps://www-jstor-org.ucsp.lookproxy.com/
_zVéase además: Base de datos JSTOR
942 _cLIB
_dJUS
_fMAT
_2ddc
_n
999 _c21788
_d21788